| 000 | 00336nam a2200145Ia 4500 | ||
|---|---|---|---|
| 008 | 230917s9999||||xx |||||||||||||| ||und|| | ||
| 040 |
_e87343 _aMAIN |
||
| 041 | _aEnglish | ||
| 082 | _a932 B161A | ||
| 100 | _aBaines, John | ||
| 245 | 0 | _aAtlas of ancient Egypt | |
| 260 |
_aOxford _bPhaidon _c1980 |
||
| 300 | _a240 p. | ||
| 942 | _cBK | ||
| 999 |
_c213852 _d213852 |
||